000 nam a22 a 4500
999 _c3022
_d3022
003 AKMAL
005 20170519091433.0
008 170519s1999 my 00 may d
020 _a9676109622 (kkt.):
_cRM 18.00
040 _aAKMAL
082 0 4 _a658.1 HAI
_221
090 0 0 _a658.1
_bHAI
245 1 0 _aPanduan ringkas penubuhan dan perlaksanaan sistem kualiti MS ISO 9000 dalam organisasi pendidikan /
_cHairuddin Mohd. Ali, Muhammad Bustaman Hj. Abdul Manaf, Mohd Al Shaari Mohd Ramli
260 _aKuala Lumpur :
_bUtusan Publications & Distributors,
_c1999
300 0 0 _a135ms. :
_bil. ;
_c22cm
504 _aMengandungi rujukan bibliografi
599 _aDALAM PROSES
650 0 _aSchool management and organisation
_xStandards
_96307
650 0 _aISO 9000 Series Standards
_9546
700 0 _aMuhammad Bustaman Hj. Abdul Manaf
_96308
700 0 _aMohd Al Shaari Mohd Ramli
_96309
942 _2ddc
_cBOOK